00542nam a22001577a 4500020001800000082001500018100002800033245004800061260007300109300002600182526003700208650001300245942001200258999001900270952009500289 a0-13-307489-7 a652.5bMCC aMcclure, Rhyder.944535 aFast access / wordperfectcMcclure, Rhyder. aNew YorkbLibrary of congress cataloging-in-publication Data/c1987. a199p.:bill,;c15 cm. a0b0c0d652_500000000000000_MCC aMCE9379 2ddccBK c548307d548307 00102ddc4070aMCEbMCEd2014-08-26l0o652.5 MCCpMCE-41628r2014-08-26w2014-08-26yBK